Biblioteca

La ética social de los profetas y su relevancia para América Latina hoy : (Registro nro. 61447)

Detalles MARC
000 -LÍDER
Campo fijo de descripción fija 01495cab a2200241 i 4500
001 - NÚMERO DE CONTROL
Campo de control 768714001
003 - IDENTIFICADOR DEL NÚMERO DE CONTROL
Campo de control CO-MdFUSB
005 - FECHA Y HORA DE LA ULTIMA TRANSACCIÓN
control field 20230404145730.0
008 - ELEMENTOS DE LONGITUD FIJA -- INFORMACIÓN GENERAL
Campo fijo de descripción fija -- Información general 180718s2003 gt ||||| |||| 00| 0 spa d
022 ## - NÚMERO INTERNACIONAL NORMALIZADO PARA PUBLICACIONES SERIADAS
Número Internacional Normalizado para Publicaciones Seriadas 1014-9341
040 ## - FUENTE DE CATALOGACIÓN
Agencia Catalogadora CO-MdFUSB
Idioma de catalogación spa
Agencia que realiza la transcripción CO-MdFUSB
Agencia que realiza la modificación CO-MdFUSB
041 ## - CÓDIGO DE IDIOMA
Código de idioma para texto/pista de sonido o título separado spa
100 1# - ASIENTO PRINCIPAL--NOMBRE PERSONAL
Nombre personal Carroll R., M. Daniel (Rodas)
Término relacionador autor
245 13 - TÍTULO
Título La ética social de los profetas y su relevancia para América Latina hoy :
Subtitulo el aporte del estudio del trasfondo
Mención de responsabilidad / M. Daniel Carroll Rodas
300 ## - DESCRIPCIÓN FÍSICA
Extensión Número 33 (Julio - Diciembre, 2003), páginas 7-28
Dimensiones ; 22 cm
520 ## - NOTA DE RESUMEN, ETC.
Nota de sumario, etc. La investigación del trasfondo histórico, teológico, literario y sociológico de los mensajes éticos de los profetas ilumina el texto y coadyuva a la elaboración de una ética profética para el día de hoy. Los estudios sociológicos discuten, entre otras cosas, la posible ideología de la producción del material profético y el blanco de la crítica económica de los profetas. El artículo señala algunos aportes que una consideración de cada aspecto del trasfondo puede contribuir al estudio de la ética profética y su contextualización hoy.
546 ## - NOTA DE IDIOMA
Nota de idioma Español
630 07 - PUNTO DE ACCESO ADICIONAL DE MATERIA - TÍTULO UNIFORME
Título uniforme Biblia.
Parte o sección de la obra Profetas
Subdivisión de materia general Crítica, interpretación, etc.
630 #7 - PUNTO DE ACCESO ADICIONAL DE MATERIA - TÍTULO UNIFORME
Título uniforme Biblia.
Parte o sección de la obra Profetas
Subdivisión de materia general Etica
773 0# - ASIENTO DE ITEM FUENTE
Título Kairós
Biblionumber 49489
Itemnumber 61229
Parte(s) relacionada(s) / Volumen., número. (mes año), páginas Número 33 (julio-diciembre, 2003), páginas 7-28
Enumeración y primera página Página 7
773 0# - ASIENTO DE ITEM FUENTE
Título Kairós
Biblionumber 49489
Itemnumber 81319
Parte(s) relacionada(s) / Volumen., número. (mes año), páginas Número 33 (julio-diciembre, 2003), páginas 7-28
Enumeración y primera página Página 7
942 ## - TIPO DE MATERIAL (KOHA)
Tipo de Item KOHA Artículos de Revista

No hay ítems disponibles.

Biblioteca FUSBC | Teléfono: (57+4) 349 88 10 Ext. 141| WhatsApp (+57) 3005338115 
E-mail: biblioteca@unisbc.edu.co | Calle 76 87-14 Robledo Palenque, Medellín, Colombia

Con tecnología Koha